000 01925nam0a2200373 4500
001 RU\NLR\bibl\1709152
005 20260405181011.0
021 _aRU
_b2010-86456
_95787
035 _a(nilc)RSL-KNO-004824072
035 _a(NLR Aleph) 001700190
090 _a1215458
_c1215458
100 _a20101108d2010 |||y0rusy50 ca
101 0 _arus
102 _aRU
105 _ay |||||||||
200 1 _aИзучение личности обвиняемого (уголовно-процессуальные криминологические и психологические аспекты)
_eучебное пособие
_fС.А. Невский, Е.Н. Клещина, В.В. Яковлев, Л.В. Яковлева
_gМ-во внутренних дел Российской Федерации, Краснодарский ун-т
210 _aКраснодар
_cКрУ МВД России
_d2010
215 _a81, [1] с.
_d21
320 _aБиблиогр. в подстроч. прим.
606 1 _aОбвиняемые
_jУчебные издания
_xИзучение личности
_yРоссийская Федерация
_92283037
_3RU\NLR\auth\661367724
686 _aХ628.33я73-1
_2rubbk
686 _aХ628.33я7
686 _aХ629.372.201.4я7
686 _aЮ947.1я7
701 1 _aНевский
_bС. А.
_gСергей Александрович
_4070
701 1 _aКлещина
_bЕ. Н.
_gЕлена Николаевна
_4070
701 1 _4070
_8rus
_7ca
_aЯковлев
_bВ. В.
_cканд. юрид. наук
_gВиталий Валерьевич
_3RU\NLR\auth\7747906
_930841
701 1 _4070
_8rus
_7ca
_aЯковлева
_bЛ. В.
_cканд. юрид. наук
_gЛюдмила Валерьевна
_3RU\NLR\auth\7777896
_960824
801 0 _aRU
_bRuMoRKP
_c20101108
_grcr
801 1 _aRU
_bRuMoRGB
_c20101108
801 2 _aRU
_bNLR
_c20101203
_grcr
942 _cBOOK
980 _aNB